00381nam a2200121 a 450000100100000000500170001000800410002704000250006811000450009324500350013826000500017330000360022300003944220201002031643.0130628s2001 dr ac 000 0 spa d aDO-SdBNPbspacBNPHU2 aInstituto par el Desarrollo del Noreeste10aINDENOR :bMemoria anual 2001. aMao, Valverde, República Dominicana,c2001. a132 p. :bil., retrs. ;c28 cm.